Na medzibankovom trhu rozhodujúcim devízový fixing

Bibliographic Details
Main Author: Szulenyi, František (Author)
Format: Article
Language:Slovak
PhysicalDescription:Grafy 4, tab. 3
ISSN:0862-9567
Subjects:

MARC

LEADER 00000nab a2200000 a 4500
001 vtls000588534
003 SK-MaSNL
005 20260303172229.0
008 160202c1996 xo 0 slo
015 |a SNBRB19rr/mm-uuuuu 
035 |a CL0588673 
040 |a SNKBUCL  |b slo  |c SNKBUCL  |e AACR2 
041 0 |a slo 
044 |a xo  |c SK 
080 |a 339.74(437.6)  |2 1981 
100 1 |a Szulenyi, František  |4 aut  |9 380208 
245 1 0 |a Na medzibankovom trhu rozhodujúcim devízový fixing  |c František Szulenyi 
300 |b Grafy 4, tab. 3 
650 0 7 |a devízy  |2 snkbucl  |9 2130 
650 0 7 |a devízové trhy  |2 snkbucl  |9 85938 
655 7 |a články z novín a časopisov  |2 snkbucl  |9 267496 
773 0 |t Hospodárske noviny  |g Roč. 4, č. 75 (17. 4. 1996), s. 11  |x 0862-9567 
850 |a Slovenská národná knižnica v Martine  |a MTA001 
852 |a SNK  |b KIS3GCP 
958 |a RK 
958 |a SK 
992 |a RBX 
999 |c 2085513  |d 2087443